Rappeurs décédés jeunes - Statistiques

Statistiques générales
  • Ce quiz a été pris 298 fois
  • Le résultat moyen est 7 sur 36
Statistiques - réponses
Age Date Lieu Cause Rappeur % Correct
20 ans 18 juin 2018 Deerfield Beach, Floride Assassinat XXXTentacion
86%
25 ans 13 septembre 1996 Las Vegas, Nevada Assassinat Tupac
77%
20 ans 19 février 2020 Los Angeles, Californie Assassinat Pop Smoke
57%
24 ans 9 mars 1997 Los Angeles, Californie Assassinat The Notorious B.I.G.
55%
26 ans 7 septembre 2018 Los Angeles, Californie Overdose Mac Miller
48%
21 ans 15 novembre 2017 Tucson, Arizona Overdose Lil Peep
47%
24 ans 21 octobre 2022 Paris, France Crise d'Asthme Luv Resval
46%
21 ans 8 décembre 2019 Chicago, Illinois Overdose Juice WRLD
44%
29 ans 9 novembre 2019 Clichy, France Inconnue Népal
38%
28 ans 1 novembre 2022 Houston, Texas Assassinat Takeoff
31%
31 ans 26 mars 1995 Los Angeles, Californie SIDA Eazy-E
18%
33 ans 31 mars 2019 Los Angeles, Californie Assassinat Nipsey Hussle
16%
26 ans 6 novembre 2020 Atlanta, Géorgie Assassinat King Von
15%
30 ans 12 septembre 2022 Los Angeles, Californie Assassinat PnB Rock
11%
36 ans 17 novembre 2021 Memphis, Tennessee Assassinat Yound Dolph
11%
20 ans 31 mai 2021 Dallas, Texas Suicide Lil Loaded
10%
24 ans 15 février 1999 New York, New York Assassinat Big L
7%
27 ans 19 janvier 2018 Los Angeles, Californie Arrêt cardiaque Fredo Santana
6%
24 ans 13 mai 2022 Los Angeles, Californie Inconnue Lil Keed
6%
28 ans 7 février 2000 White Plains, New York Arrêt cardiaque Big Pun
5%
32 ans 11 avril 2006 Détroit, Michigan Assassinat Proof
5%
35 ans 13 novembre 2004 New York, New York Overdose Ol' Dirty Bastard
4%
28 ans 4 mars 2016 Atlanta, Géorgie Assassinat Bankroll Fresh
3%
28 ans 19 décembre 2021 Los Angeles, Californie Assassinat Drakeo the Ruler
3%
26 ans 4 août 2020 Chicago, Illinois Assassinat FBG Duck
3%
21 ans 18 juin 2018 Pittsburgh, Pennsylvanie Assassinat Jimmy Wopo
3%
19 ans 24 décembre 2012 New York, New York Suicide Capital STEEZ
2%
24 ans 27 juillet 2022 Bogalusa, Louisiane Assassinat JayDaYoungan
2%
32 ans 10 février 2006 Los Angeles, Californie Arrêt cardiaque J Dilla
2%
28 ans 11 novembre 2020 Dallas, Texas Assassinat MO3
2%
26 ans 18 janvier 2015 New York, New York Overdose A$AP Yams
1%
34 ans 1 mai 2013 Atlanta, Géorgie Overdose Chris Kelly
1%
22 ans 13 août 2022 Charlotte, Caroline du Nord Assassinat Jaah SLT
1%
30 ans 12 juillet 2020 Atlanta, Géorgie Assassinat Marlo
1%
24 ans 14 janvier 2022 Houston, Texas Overdose Sad Frosty
1%
19 ans 4 avril 2014 Columbia, Caroline du Sud Arrêt cardiaque Speaker Knockerz
1%
Aucun quiz correspondant
Distribution des résultats
% des personnes avec chaque résultat
Percentile par nombre de réponses
Votre historique - résultats
Vous n’avez pas pris ce quiz